Gioco di donna /

সংরক্ষণ করুন:
গ্রন্থ-পঞ্জীর বিবরন
প্রধান লেখক: Frewer, Terry (সুরকার)
অন্যান্য লেখক: Sarossy, Paul (ছবি তোলা), Cruz, Penélope (অভিনেতা), Duigan, John (পরিচালক), Theron, Charlize (অভিনেতা)
বিন্যাস: স্লাইড্
ভাষা:ইতালিয়
ইংরেজি
প্রকাশিত: Milano : Mondo home entertainment [distributore], sonoro, color [2014]. -1 DVD (116 min.) :
ট্যাগগুলো: ট্যাগ যুক্ত করুন
কোনো ট্যাগ নেই, প্রথমজন হিসাবে ট্যাগ করুন!

MARC

LEADER 00000ngm a22000007i 4500
001 IT\ICCU\UBO\3381012
003 ItRI
005 20260124182850.0
008 080226s2014 it |||||||||||||||k|||||c
024 3 1 |a 8032442301362 
028 4 2 |a 30136  |b versione noleggio 
040 |b ita 
041 7 |a ita  |a eng  |2 ISO-639-2 
130 0 |a Head in the clouds <film ; 2004>  |3 IT\ICCU\UBO\2841708 
245 0 0 |a Gioco di donna /  |c scritto e diretto da John Duigan ; direttore della fotografia Paul Sarossy ; musiche originali di Terry Frewer. 
260 |a Milano :  |b Mondo home entertainment [distributore],  |c [2014]. -1 DVD (116 min.) :  |b sonoro, color 
500 |a Titolo del contenitore 
500 |a  Film del 2004, produzione UK/Canada; interpreti: Penelope Cruz, Charlize Theron 
500 |a Lingue: italiano, inglese; sottotitoli: italiano, italiano per non udenti 
500 |a Caratteristiche tecniche: codice area: 2; sistema e formato video: PAL, 2.35:1, widescreen; formato audio: Dolby digital 5.1. 
700 1 |a Sarossy, Paul  |0 IT\ICCU\LO1V\254466  |4 pht 
700 1 |a Cruz, Penélope  |0 IT\ICCU\RAVV\092857  |4 act 
700 1 |a Frewer, Terry  |0 IT\ICCU\RAVV\433357  |4 cmp 
700 1 |a Duigan, John  |0 IT\ICCU\UBOV\487643  |4 drt 
700 1 |a Theron, Charlize  |0 IT\ICCU\UBOV\490133  |4 act 
942 |2 ddc  |c VM  |n 0 
952 |0 0  |1 0  |4 0  |6 VO_1573_000000000000000  |7 0  |9 27246  |a BO  |b BO  |d 2026-01-24  |i 11811  |l 0  |o VO 1573  |p BO11811  |r 2026-01-24 18:28:50  |w 2026-01-24  |x [Sebina 5] [1 DVD]  |y VM  |z 1 DVD 
999 |c 23066  |d 23066